Actors That Have Worked with Jennifer Lawrence - Statistics

General Stats
  • This quiz has been taken 66 times
  • The average score is 11 of 38
Answer Stats
Movies Actor % Correct
American Hustle, Joy, Serena, Silver Linings Playbook Bradley Cooper
86%
Passengers Chris Pratt
84%
The Hunger Games 1-4 Woody Harrelson
69%
X-Men Franchise Hugh Jackman
65%
American Hustle, Joy, Silver Linings Playbook Robert De Niro
61%
X-Men Franchise James McAvoy
59%
American Hustle Amy Adams
57%
American Hustle Christian Bale
57%
X-Men Franchise Michael Fassbender
57%
The Hunger Games 1-4 Donald Sutherland
55%
X-Men Franchise Patrick Stewart
49%
X-Men Franchise Ian McKellen
45%
X-Men Franchise Halle Berry
39%
The Hunger Games 2-4 Philip Seymour Hoffman
35%
The Hunger Games 3-4 Julianne Moore
33%
American Hustle Jeremy Renner
29%
The Hunger Games Stanley Tucci
27%
The Beaver Jodie Foster
24%
Passengers Laurence Fishburne
22%
The Beaver Mel Gibson
22%
Red Sparrow Joel Edgerton
20%
Mother Michelle Pfeiffer
18%
Passengers Andy Garcia
16%
Not Another High School Chris Evans
14%
Like Crazy Felicity Jones
14%
Serena, The Hunger Games 1-4 Toby Jones
14%
The Burning Plain Charlize Theron
12%
X-Men Franchise Ellen Page
12%
X-Men Franchise Peter Dinklage
12%
The Hunger Games Catching Fire Amanda Plummer
8%
X-Men Franchise James Marsden
8%
Silver Linings Playbook Christ Tucker
6%
Red Sparrow Jeremy Irons
6%
X-Men Franchise Jessica Chastain
6%
The Burning Plain Kim Basinger
6%
American Hustle Louis C.K.
4%
The Poker House Chloe Grace Moretz
2%
American Hustle Michael Pena
0%
No matching quizzes found
Score Distribution
Percent of People with Each Score
Percentile by Number Answered
Your Score History
You have not taken this quiz